000 00647nam a2200241Ia 4500
003 OSt
005 20220918200343.0
006 a|||||r|||| 00| 0
007 ta
008 220917b |||||||| |||| 00| 0 eng d
024 _a88,441
037 _cTextual
040 _aARTS
_cARTS
_beng
041 _2eng
_aeng
082 _aT4h657:N24, K2
100 _aWilliams C Kingsley
_993736
245 0 _aAchimota
_b the early years 1924-1948
260 _aAccra
_bLongmans
_c1962
300 _a158p
_ccm.
650 _aHIGHER EDUCATION
942 _hT4h657:N24, K2
_cTEXL
_2CC
999 _c212129
_d212129